PPP a financovanie verejných potrieb

PPP je efektívnym nástrojom na uspokojovanie verejných potrieb. PPP projekty môžu realizovať všetky druhy orgánov verejnej správy a táto príležitosťje otvorená aj pre obce. Úvod do tejto komplikovanej a rozsiahlej problematiky.

Gespeichert in:
Bibliographische Detailangaben
1. Verfasser: Hodál, Matej
Format: Buchkapitel
Sprache:Slowakisch
Schlagworte:
Tags: Tag hinzufügen
Keine Tags, Fügen Sie das erste Tag hinzu!

MARC

LEADER 00000nla a2200000 4500
001 0159884
005 20240521105549.5
041 0 |a slo 
044 |a CZ 
245 1 0 |a PPP a financovanie verejných potrieb  |c Matej Hodál 
520 |a PPP je efektívnym nástrojom na uspokojovanie verejných potrieb. PPP projekty môžu realizovať všetky druhy orgánov verejnej správy a táto príležitosťje otvorená aj pre obce. Úvod do tejto komplikovanej a rozsiahlej problematiky. 
610 2 0 |a partnerstvo verejno-súkromné 
610 2 0 |a projekty 
610 2 0 |a správa verejná 
610 2 0 |a financovanie 
100 1 |a Hodál, Matej